000 00457nab a2200145Ia 4500
003 ES-SlBCS
005 20210601130448.0
008 140529s1959 xxu||||| |||| 00| 0 fre d
041 _afre
100 1 _aDubarle, Dominique
_92697
245 0 0 _aExistence de la philosophie et de la religion
_c Dominique Dubarle
650 0 4 _aFilosofía
_xReligión
_9150039
773 0 _tGiornali di Metafisica
_gvol. 14, nº. 5, 1959, págs. 677-688
_w0017-0372
942 _cAR
999 _c547086
_d547086